Eishockey-Teams in der National League (Schweiz) nach Logo - Statistiken

Allgemein
  • Dieses Quiz wurde 401 mal gespielt
  • Das Durchschnittsergebnis liegt bei 13 aus 14
Antwortstatistiken
Bildquiz Antwort % Korrekt
SC Bern
100%
HC Davos
98%
ZSC Lions
97%
Genève-Servette HC
94%
EV Zug
93%
EHC Biel
91%
Fribourg-Gottéron
91%
HC Lugano
91%
EHC Kloten
90%
SCL Tigers
90%
HC Ambri Piotta
89%
Lausanne HC
88%
HC Ajoie
80%
SC Rapperswil-Jona Lakers
79%
Keine übereinstimmenden Quizze gefunden
Verteilung der Resultate
Anzahl Personen mit jedem Resultat
Perzentil nach korrekt beantworteten Fragen
Ihre Resultats-Entwicklung
Sie haben dieses Quiz noch nicht gespielt